000 00772nam a2200265 a 4500
001
003 DO-SdBNP
005 20230926085917.0
007 000000423
008 081201s2008 dr 000 j spa d
020 _a9789945068542
020 _a9945068547
040 _aBPMSU
_bspa
_cBPMSU
082 4 _aRD863.44
_bV443n 2008
_222
100 1 _aVeloz Maggiolo, Marcio,
_d1936-2021
245 1 0 _aNosotros los suicidas /
_cMarcio Veloz Maggiolo ; edición Isael Pérez.
260 0 _aSanto Domingo :
_bSantuario,
_c2008.
300 _a76 p. ;
_c21 cm.
590 _aInventariado, 2023/VM
650 4 _aCuentos dominicanos
650 4 _aLiteratura dominicana
700 1 _aPérez, Isael,
_eed.
910 _aVMateo V. /Validado. Control de calidad MFF
942 _2ddc
_cBK
999 _c8136
_d8136